Movies Quiz

Random Movies or James Bond Quiz

James Bond Opening Credits Quiz Stats

 Plays Quiz Updated Nov 25, 2015

Also try: James Bond Movies
Challenge
Share
Tweet
Score 0/24 Timer 07:00
3 Plays Today
Picture Number Movie % Correct
Goldfinger
91.7%
Moonraker
80.1%
Casino Royale
70.8%
Live and Let Die
63.8%
Spectre
62.5%
Thunderball
60%
Skyfall
54.2%
Dr. No
53.7%
Goldeneye
48%
The Spy Who Loved Me
44%
Die Another Day
42.9%
Diamonds Are Forever
40.6%
Picture Number Movie % Correct
Octopussy
39.6%
You Only Live Twice
38.6%
A View to a Kill
38.5%
From Russia With Love
37.6%
The World Is Not Enough
36.3%
Tomorrow Never Dies
35.3%
Quantum of Solace
35.2%
Licence to Kill
34.3%
On Her Majesty's Secret Service
33.3%
For Your Eyes Only
32.3%
The Living Daylights
28.6%
The Man With The Golden Gun
28.1%

You're not logged in!

Compare scores with friends on all Sporcle quizzes.
Join for Free
OR
Log In

You Might Also Like...

Show Comments

Extras

Top Quizzes Today


Score Distribution

Your Account Isn't Verified!

In order to create a playlist on Sporcle, you need to verify the email address you used during registration. Go to your Sporcle Settings to finish the process.

Report this User

Report this user for behavior that violates our Community Guidelines.

Details: